Statistics for Most Obese European Countries

Click here to take the quiz!

General Stats

  • This quiz has been taken 176 times
  • The average score is 7 of 12

Answer Stats

%#Obese Country% Correct
26.12.United Kingdom
100%
23.03.Ireland
86%
17.39.Greece
69%
28.51.Hungary
65%
21.06.Czech Republic
62%
16.910.Slovakia
58%
16.910.Estonia
56%
19.78.Lithuania
56%
16.910.Latvia
54%
22.94.Malta
50%
21.06.Iceland
43%
22.55.Luxembourg
36%

Score Distribution

Percentile by Number Answered

Percent of People with Each Score

Your Score History

You have not taken this quiz